书目信息 |
| 书名: | Reading & math. Grade 4 | |
| 作者: | Scholastic Inc | |
| 分册号: | ||
| 分册名: | 出版地: | New York |
|
| 出版社: | Scholastic | |
| 出版时间: | 2005. | |
| 页数: | 319p | |
| 开本: | 25cm | |
| 丛书名: | ||
| 中图分类号: | ||
| 科图分类号: | ||
| 其他分类号: | G634.333 | |
| 主题词: | ||
| 电子资源: | ||
| 000 | 00395nam0 2200145 450 | |
| 001 | 202012001723 | |
| 005 | 20121114085049.0 | |
| 008 | 12111401s | |
| 020 | @a9780439786034@c$14.99 | |
| 099 | @dG634.333@eS3682 | |
| 245 | 10 | @aReading & math. Grade 4. @c Scholastic Inc |
| 260 | 0 | @aNew York@bScholastic,@c2005. |
| 300 | @a319p@c25cm | |
| 905 | @b11260 | |
| 905 | @aTSG@dG634.333@eS3682 | |
| Reading & math. Grade 4. / Scholastic Inc.-New York : Scholastic, , 2005. |
| 319p ; 25cm |
| ISBN 9780439786034$14.99 |
| ● |
| 相关链接 |
|
|
|
正题名:Reading & math. Grade 4
索取号:G634.333/S3682
 
预约/预借
| 序号 | 登录号 | 条形码 | 馆藏地/架位号 | 状态 | 备注 |